书目信息 |
| 题名: |
化工设备设计
|
|
| 作者: | 王学生 , 惠虎 主编 | |
| 分册: | ||
| 出版信息: | 上海 华东理工大学出版社 2017.09 |
|
| 页数: | 269页 | |
| 开本: | 26cm | |
| 丛书名: | ||
| 单 册: | ||
| 中图分类: | TQ050.2 | |
| 科图分类: | ||
| 主题词: | 化工设备--设计--高等学校--教材 | |
| 电子资源: | ||
| ISBN: | 978-7-5628-5156-1 | |
| 000 | 00837nam0 2200253 450 | |
| 001 | 921 | |
| 005 | 20180927145202.01 | |
| 010 | @a978-7-5628-5156-1@dCNY48.00 | |
| 100 | @a20171116d2017 em y0chiy50 ea | |
| 101 | 0 | @achi |
| 102 | @aCN@b310000 | |
| 105 | @ay z 000yy | |
| 200 | 1 | @a化工设备设计@9hua gong she bei she ji@f王学生,惠虎主编 |
| 205 | @a2版 | |
| 210 | @a上海@c华东理工大学出版社@d2017.09 | |
| 215 | @a269页@d26cm | |
| 300 | @a普通高等教育“十三五”规划教材 | |
| 330 | @a本书共五章,主要内容包括:换热设备、塔设备、反应设备、储存设备、承压容器计算机辅助设计。各章增加了例题与思考题,便于教学应用。 | |
| 606 | 0 | @a化工设备@x设计@x高等学校@j教材 |
| 690 | @aTQ050.2@v5 | |
| 701 | 0 | @a王学生@9wang xue sheng@4主编 |
| 701 | 0 | @a惠虎@9hui hu@4主编 |
| 801 | 0 | @aCN@b91MARC@c20171116 |
| 905 | @aMuseLib@dTQ050.2@e463=2 | |
| 化工设备设计/王学生,惠虎主编.-2版.-上海:华东理工大学出版社,2017.09 |
| 269页;26cm |
| 普通高等教育“十三五”规划教材 |
| ISBN 978-7-5628-5156-1:CNY48.00 |
| 本书共五章,主要内容包括:换热设备、塔设备、反应设备、储存设备、承压容器计算机辅助设计。各章增加了例题与思考题,便于教学应用。 |
| ● |
| 相关链接 |
|
|
|
|
正题名:化工设备设计
索取号:TQ050.2/463=2
 
预约/预借
| 序号 | 登录号 | 条形码 | 馆藏地/架位号 | 状态 | 备注 |
| 1 | 1120324 | 211203240 | 第二样本阅览室/ [索取号:TQ050.2/463=2] | 在馆 | |
| 2 | 1120325 | 211203259 | 化学系资料室/ [索取号:TQ050.2/463=2] | 在馆 | |
| 3 | 1120326 | 211203268 | 第三借阅区/ [索取号:TQ050.2/463=2] | 在馆 | |
| 4 | 1120327 | 211203277 | 第三借阅区/ [索取号:TQ050.2/463=2] | 在馆 | |
| 5 | 1120328 | 211203286 | 第三借阅区/ [索取号:TQ050.2/463=2] | 在馆 |